Statistiques concernant Une année, une chanson

Cliquez ici pour prendre le quiz!

Statistiques générales

  • Ce quiz a été pris 430 fois
  • Le résultat moyen est 21 sur 61

Statistiques - réponses

AnnéeChansonsInterprètes% Correct
1983Billie JeanMichael Jackson
85%
2009Poker faceLady GaGa
83%
1976Bohemian rhapsodyQueen
82%
2011Rolling in the deepAdele
80%
1998My heart will go onCeline Dion
80%
2013Get luckyDaft Punk
78%
2002Whenever whereverShakira
76%
1999Baby one more timeBritney Spears
74%
2008I kissed a girlKaty Perry
74%
1968Hey JudeBeatles
72%
1979Y.M.C.A.Village People
72%
1977Hotel CaliforniaEagles
64%
1993I will always love youWhitney Houston
64%
1965(I can't get no) SatisfactionRolling Stones
61%
1958Jailhouse rockElvis Presley
59%
2005You're beautifulJames Blunt
55%
1986Papa don't preachMadonna
55%
2015CheerleaderOmi
54%
1997Candle in the windElton John
52%
2014HappyPharrell Williams
52%
1980Another brick in the wall (part.II)Pink Floyd
52%
1995Gangsta's paradiseCoolio
45%
1982Eye of the tigerSurvivor
44%
2003Bring me to lifeEvanescence
40%
1978Rivers of BabylonBoney M
39%
2001Can't get you out of my headKylie Minogue
36%
1984I just called to say I loved youStevie Wonder
34%
1996Killing me softlyFugees
32%
2004This loveMaroon 5
32%
1991(Everything I do) I do it for youBryan Adams
31%
1989LambadaKaoma
29%
1966Strangers in the nightFrank Sinatra
28%
1987I want your sexGeorge Michael
27%
1985We are the worldUSA for Africa
26%
2000Maria MariaSantana
25%
2006CrazyGnarls Barkley
22%
2010Love the way you lieEminem & Rihanna
20%
1990Nothing compares 2USinead O'Connor
20%
1994Without youMariah Carey
17%
1964Oh, pretty womanRoy Orbison
17%
2007Say it rightNelly Furtado
15%
1971My sweet lordGeorge Harrison
13%
1981Bette Davis eyesKim Carnes
13%
1955(We're gonna) Rock around the clockBill Haley
12%
2012Somebody that I used to knowGotye & Kimbra
11%
1970In the summertimeMungo Jerry
9%
1956Whatever will be, will be (Que sera, sera)Doris Day
7%
1992Rhythm is a dancerSnap
7%
1967San Francisco (Be sure to wear flowers)Scott McKenzie
6%
1957DianaPaul Anka
5%
1988A groovy kind of lovePhil Collins
5%
1975I can helpBilly Swan
3%
1961RunawayDel Shannon
3%
1973Get downGilbert O'Sullivan
3%
1959Mack the knifeBobby Darin
2%
1972PopcornHot Butter
2%
1962Speedy GonzalesPat Boone
2%
1974Seasons in the sunTerry Jacks
2%
1963If I had a hammerTrini Lopez
2%
1969In the year 2525 (Exordium & Terminus)Zager & Evans
1%
1960Everybody's somebody's foolConnie Francis
0%

Distribution des résultats

Percentile par nombre de réponses

% des personnes avec chaque résultat

Votre développement - résultats

Vous n’avez pas pris ce quiz